Technical change and economic policy : Science and technology in the new economic and social context.

Đã lưu trong:
书目详细资料
主要作者: Real, Bernard
格式: 图书
语言:Undetermined
出版: Paris OECD 1980
主题:
标签: 添加标签
没有标签, 成为第一个标记此记录!
Thư viện lưu trữ: Trung tâm Học liệu Trường Đại học Cần Thơ
LEADER 00568nam a2200193Ia 4500
001 CTU_97833
008 210402s9999 xx 000 0 und d
082 |a 338.9 
082 |b R288 
100 |a Real, Bernard 
245 0 |a Technical change and economic policy : 
245 0 |b Science and technology in the new economic and social context. 
245 0 |c Bernard Real 
260 |a Paris 
260 |b OECD 
260 |c 1980 
650 |a Technological innovations,Economic policy 
904 |i Tuyến 
980 |a Trung tâm Học liệu Trường Đại học Cần Thơ